000 02660nam2a2200385 4500
001 RU\NLR\BIBL_A\010460888
005 20260407070335.0
010 _a978-5-9233-1042-9
_9300
021 _aRU
_b2014-49261
_92977
035 _a(NLR Aleph) 010460888
090 _a9975621
_c9975621
100 _a20140910d2013 |||y0rusy50 ca
101 0 _arus
_deng
102 _aRU
105 _ay ||||||001yy
200 1 _a[Лагеря для военнопленных НКВД - МВД СССР, 1939-1956
_dPrisoner of war camps of the people's commissariat / the ministry for internal affaires of the URSS, 1939-1956
_eсправочник
_fМ. М. Загорулько, С. Г. Сидоров, Е. М. Цунаева]
_zeng
210 _aВолгоград
_cИздатель
_d2013
215 _a766, [1] с.
300 _aАвт. также на англ. яз.: M. M. Zagorulko, S. G. Sidorov, Ye. M. Tsunayeva
300 _aРез. на англ. яз.
320 _aБиблиогр.: с. 757-767 (315 назв.)
320 _aУказатели: с. 649-748
461 0 _1001RU\NLR\bibl\734085
_12000#$aВоеннопленные в СССР, 1939-1956$fНИИ пробл. экон. истории России XX в. Волгогр. гос. ун-та [и др.]$gпод ред. проф. М.М. Загорулько$vТ. 6
_9720918
_cВолгоград
_d2004
_fНИИ пробл. экон. истории России XX в. Волгогр. гос. ун-та [и др.]
_nВолгогр. науч. изд-во
_tВоеннопленные в СССР, 1939-1956
_vТ. 6
510 1 _6z22790
_aPrisoner of war camps of the people's commissariat / the ministry for internal affaires of the URSS, 1939-1956
_zeng
512 1 _6z23790
_aЛагеря для военнопленных НКВД - МВД СССР, 1939-1956
606 1 _aЛагеря военнопленных
_jДокументы и материалы
_yСССР
_z1939 - 1956
_92629200
_3RU\NLR\AUTH\661565760
701 1 _7ca
_8rus
_aЗагорулько
_bМ. М.
_f1924-2021
_gМаксим Матвеевич
_3RU\NLR\AUTH\770139976
_9139941
701 1 _8rus
_7ca
_aСидоров
_bС. Г.
_cд-р ист. наук
_gСергей Григорьевич
_3RU\NLR\AUTH\77110253
_993178
701 1 _aЦунаева
_bЕ. М.
_gЕлена Моисеевна
790 1 _7ba
_8rus
_aZagorul'ko
_bM. M.
_f1924-2021
_gMaksim Matveevič
_3RU\NLR\AUTH\770139978
_9139943
790 1 _7ca
_8rus
_aЗагорулько
_bМ. М.
_f1924-2021
_gМаксим Матвеевич
_3RU\NLR\AUTH\770139976
_9139941
942 _cBOOK
980 _aNB